1713 1068 1222 1826 1473 1843 1123 1731 1318 1606 1983 1038 1590 1341 1277 1375 1011 1264 1481 1660 1408 1914 1721 1950 1286 1152 1108 1853 1405 1049 1622 1673 1868 1869 1025 1302 1030 1965 1860 1789 1471 1415 1132 1277 1462 1219 1751 1719 1829 1967 1114 1288 1485 1896 1167 1491 1626 1216 1174 1295 1821 1721 1407 1189 1026 1090 1425 1286 1631 1255 1867 1436 1653 1250 1146 1465 1061 1538 1625 1704 1884 1793 1172 1219 1261 1602 1221 1620 1692 1702 1417 1806 1352 1947 1070 1629 1445 1262 1501 BCNSPRNW ULIB Ver.6.0+V

เปลี่ยนเป็นภาษาไทย

Change to English
 แสดงรายละเอียดบรรณานุกรม
  กลับหน้าหลัก

Brief Record : Get Marc (ISO 2709) : E-mail record : QR code < ปิดหน้าต่าง
LEADER : 00000nam 2200000uu 4500
001    13399126032
003     ULIB
008    180507s||||||||th 000 0 tha d
020    ^a9786162961601
060 04 ^aWQ209^bธ523
100 0  ^aธารางรัตน์ หาญประเสริฐพงษ์
245 10 ^aเวชปฏิบัติผู้ป่วยนอกทางสูติศาสตร์ =^bMedical practice inobstetric outpatient /^cธารางรัตน์ หาญประเสริฐพงษ์
246 31 ^aMedical practice in obstetric outpatient
250    ^aพิมพ์ครั้งที่ 1
260    ^aนครนายก :^bภาควิชาสูติศาสตร์และนรีเวชวิทยา คณะแพทยศาสตร์ มหาวิทยาลัยศรีนครินทรวิโรฒ,^c2560
300    ^a230 หน้า :^bภาพประกอบ ;^c26 ซม.
500    ^a... การตรวจฝากครรภ์ครั้งแรก ... การฝากครรภ์ไตรมาสที่สองและสาม ... การดูแลยุติการตั้งครรภ์ ... การเจาะเยื่อถุงนํ้าครํ่า ... การตรวจคลื่นเสียงความถี่สูงเพื่อคัดกรองโครงสร้าง(กรณีทารกปกติ) ... การตรวจคัดกรองทารกกลุ่มอาการดาวน์ ... การตรวจสุขภาพทารกในครรภ์ด้วยการทดสอบ nonstress ... การเตรียมเพื่อผ่าท้องทำคลอดแบบไม่ฉุกเฉิน ... การเตรียมเพื่อทำหมันหลังคลอด ... การเตรียมตัวเจ็บครรภ์คลอด ... การตรวจคัดโรคโลหิตจางธาลัสซีเมีย ... หลักการให้คำแนะนำปรึกษาหญิงตั้งครรภ์และครอบครัวเกี่ยวโรคโลหิตจางธาลัสซีเมีย ... การดูแลและให้คำแนะนำด้านโภชนาการแก่หญิงตั้งครรภ์ ... การตรวจคัดกรองมะเร็งคอมดลูกหญิงตั้งครรภ์
650  7 ^aสูติศาสตร์
650  7 ^aผู้ป่วย^xการดูแล
710 2  ^aมหาวิทยาลัยศรีนครินทรวิโรฒ.^bคณะแพทยศาสตร์.^bภาควิชาสูติศาสตร์และนรีเวชวิทยา
856    ^a^zTable of contents (Content)^uhttp://118.174.31.60:80/ULIB//_fulltext/Content/129468/20171123145856_1735.pdf
945    ^p500^l0^i25758
945    ^p500^l0^i25759
945    ^p500^l0^i25760
945    ^p500^l0^i25761
945    ^p500^l0^i25762
945    ^p500^l0^i25763
945    ^p500^l0^i25764
945    ^p500^l0^i25765
945    ^p500^l0^i25766
945    ^p500^l0^i25767
999    ^aกัณชพร
รายการนี้ยังไม่มีแท็ก
คุณยังไม่ได้ล็อกอิน คุณสามารถมีกิจกรรมร่วมกับเว็บไซต์ได้ แต่ต้องล็อกอินก่อน ::
  ล็อกอิน

รายการสื่อสารสนเทศ

ลำดับที่ ประเภท เลขเรียก/บาร์โค้ด สถานที่ สถานะ
1. หนังสือสำรอง
หนังสือสำรอง
WQ209 ธ523 ฉ.1 
  Barcode: 25758
ห้องสมุดวิทยาเขตสวรรค์ประชารักษ์
►หนังสือทั่วไป
บนชั้น
2. วิทยาศาสตร์การแพทย์ และสุขภาพ
วิทยาศาสตร์การแพทย์ และสุขภาพ
WQ209 ธ523 ฉ.10 
  Barcode: 25767
ห้องสมุดวิทยาเขตสวรรค์ประชารักษ์
►หนังสือทั่วไป
บนชั้น
3. วิทยาศาสตร์การแพทย์ และสุขภาพ
วิทยาศาสตร์การแพทย์ และสุขภาพ
WQ209 ธ523 ฉ.2 
  Barcode: 25759
ห้องสมุดวิทยาเขตสวรรค์ประชารักษ์
►หนังสือทั่วไป
บนชั้น
4. วิทยาศาสตร์การแพทย์ และสุขภาพ
วิทยาศาสตร์การแพทย์ และสุขภาพ
WQ209 ธ523 ฉ.3 
  Barcode: 25760
ห้องสมุดวิทยาเขตสวรรค์ประชารักษ์
►หนังสือทั่วไป
บนชั้น
5. วิทยาศาสตร์การแพทย์ และสุขภาพ
วิทยาศาสตร์การแพทย์ และสุขภาพ
WQ209 ธ523 ฉ.4 
  Barcode: 25761
ห้องสมุดวิทยาเขตสวรรค์ประชารักษ์
►หนังสือทั่วไป
บนชั้น
6. วิทยาศาสตร์การแพทย์ และสุขภาพ
วิทยาศาสตร์การแพทย์ และสุขภาพ
WQ209 ธ523 ฉ.5 
  Barcode: 25762
ห้องสมุดวิทยาเขตสวรรค์ประชารักษ์
►หนังสือทั่วไป
บนชั้น
7. วิทยาศาสตร์การแพทย์ และสุขภาพ
วิทยาศาสตร์การแพทย์ และสุขภาพ
WQ209 ธ523 ฉ.6 
  Barcode: 25763
ห้องสมุดวิทยาเขตสวรรค์ประชารักษ์
►หนังสือทั่วไป
บนชั้น
8. วิทยาศาสตร์การแพทย์ และสุขภาพ
วิทยาศาสตร์การแพทย์ และสุขภาพ
WQ209 ธ523 ฉ.7 
  Barcode: 25764
ห้องสมุดวิทยาเขตสวรรค์ประชารักษ์
►หนังสือทั่วไป
บนชั้น
9. วิทยาศาสตร์การแพทย์ และสุขภาพ
วิทยาศาสตร์การแพทย์ และสุขภาพ
WQ209 ธ523 ฉ.8 
  Barcode: 25765
ห้องสมุดวิทยาเขตสวรรค์ประชารักษ์
►หนังสือทั่วไป
บนชั้น
10. วิทยาศาสตร์การแพทย์ และสุขภาพ
วิทยาศาสตร์การแพทย์ และสุขภาพ
WQ209 ธ523 ฉ.9 
  Barcode: 25766
ห้องสมุดวิทยาเขตสวรรค์ประชารักษ์
►หนังสือทั่วไป
บนชั้น

รายการใกล้เคียง
    ผู้แต่ง [ธารางรัตน์ หาญประเสริฐพงษ์]

    หัวเรื่อง [สูติศาสตร์]
    หัวเรื่อง [ผู้ป่วย การดูแล]

BibComment


ยังไม่เคยถูกคอมเมนท์

คอมเมนท์ทรัพยากรรายการนี้
  คอมเมนท์: เวชปฏิบัติผู้ป่ว..


 Copyright 2026. Bcnsprnw @Library